College Quizbowl Stats
College Quizbowl Stats
Circuits
Seasons
Sets
Records
Detailed Stats
About
Loading...
Upper Mid-Atlantic (1)
Tossups
Bonuses
Players
Teams
Categories (Tossup)
Categories (Bonus)
Thomas Redpath
UMBC A
Categories
Category
Powers
Gets
Negs
BBs
Points
Earliest Buzz
Avg. Buzz
First Buzzes
Top 3 Buzzes
BPA
PVF
Science - Other
0
1
0
0
10
78
78.00
0
1
4.09
9.09
Social Science
0
1
1
0
5
94
94.00
0
0
2.88
6.00
Fine Arts - Classical Music
0
0
1
0
-5
0.00
0
0
0.00
0.00
Science - Chemistry
0
0
1
0
-5
0.00
0
0
0.00
0.00
Buzzes
Category
Answer
Value
Buzz Position
Science - Other
Boolean formulas
10
78
Social Science
autism spectrum disorder
-5
83
Fine Arts - Classical Music
Giovanni Pierluigi da Palestrina
-5
85
Science - Chemistry
distillation
-5
90
Social Science
options
10
94
Previous
1
Next